[Event "Florianopolis op 10th"]
[Site "Florianopolis"]
[Date "2024.01.23"]
[Round "5"]
[White "Moritz, Diego Homrich"]
[Black "Monteiro, Helen Ramazzotte"]
[Result "1-0"]
[WhiteElo "1832"]
[BlackElo "1533"]
[PlyCount "93"]
[EventDate "2024.01.20"]
[EventType "swiss"]
[EventRounds "10"]
[EventCountry "BRA"]
[SourceTitle "CB05_2024"]
[SourceDate "2024.01.31"]
[SourceVersion "1"]
[SourceVersionDate "2024.01.31"]
[SourceQuality "1"]

1. b3 d6 2. Bb2 e5 3. e3 Nf6 4. d4 Nbd7 5. Nf3 e4 6. Nfd2 Qe7 7. c4 g6 8. Nc3 Nb6 9. d5 Bg7 10. Ncxe4 0-0 11. Bxf6 Bxf6 12. Nxf6+ Qxf6 13. Ne4 Qe7 14. Qd4 f5 15. Nc3 f4 16. e4 f3 17. g3 a5 18. Bd3 Nd7 19. h4 Nc5 20. 0-0-0 a4 21. b4 Na6 22. a3 Nb8 23. Rhe1 Nd7 24. Bc2 Ne5 25. Kb2 Bd7 26. Bd3 b6 27. b5 Ra5 28. Ka2 Rfa8 29. Rb1 Nxd3 30. Qxd3 Qe5 31. Rbd1 Bg4 32. Qd4 Re8 33. Qxe5 Rxe5 34. Re3 Ra8 35. Rde1 Kg7 36. Kb2 Kf6 37. Kc2 Kg7 38. Nd1 Kf6 39. Nb2 Re7 40. Kc3 h5 41. Nd3 Rae8 42. Kd4 Kf7 43. e5 Kf8 44. exd6 cxd6 45. Rxe7 Rxe7 46. Rxe7 Kxe7 47. Nb2 1-0

[Event "Florianopolis op 10th"]
[Site "Florianopolis"]
[Date "2024.01.21"]
[Round "2"]
[White "De Borba, Gabriel"]
[Black "Moritz, Diego Homrich"]
[Result "1-0"]
[WhiteElo "2171"]
[BlackElo "1832"]
[PlyCount "85"]
[EventDate "2024.01.20"]
[EventType "swiss"]
[EventRounds "10"]
[EventCountry "BRA"]
[SourceTitle "CB05_2024"]
[SourceDate "2024.01.31"]
[SourceVersion "1"]
[SourceVersionDate "2024.01.31"]
[SourceQuality "1"]

1. c4 c6 2. Nf3 d5 3. e3 Nf6 4. Nc3 a6 5. d4 Bf5 6. Be2 h6 7. 0-0 e6 8. b3 Nbd7 9. Bb2 Bd6 10. Nd2 0-0 11. Bf3 Qe7 12. Re1 Rfe8 13. e4 dxe4 14. Ndxe4 Nxe4 15. Nxe4 Ba3 16. Bc3 Bb4 17. Qd2 Bxc3 18. Qxc3 Rad8 19. Rad1 Nf6 20. Nc5 Qc7 21. h3 Nd7 22. Nd3 Nf6 23. Nc5 Nd7 24. Qb4 Nxc5 25. Qxc5 Qf4 26. Qe5 Qxe5 27. dxe5 Kf8 28. Rd6 Ke7 29. c5 Rd7 30. Red1 Red8 31. g4 Bh7 32. Bg2 g5 33. Kh2 Bc2 34. R1d2 Bg6 35. Kg3 Bb1 36. h4 Rxd6 37. cxd6+ Kf8 38. f4 gxf4+ 39. Kxf4 Kg7 40. g5 hxg5+ 41. Kxg5 Rg8 42. h5 Kf8+ 43. Kf6 1-0

[Event "Florianopolis op-B"]
[Site "Florianopolis"]
[Date "2023.09.23"]
[Round "2"]
[White "Machado, Luiz Fernando"]
[Black "Moritz, Diego Homrich"]
[Result "0-1"]
[WhiteElo "1718"]
[BlackElo "1814"]
[PlyCount "50"]
[EventDate "2023.09.22"]
[EventType "swiss"]
[EventRounds "6"]
[EventCountry "BRA"]
[SourceTitle "EXT 2024"]
[Source "ChessBase"]
[SourceDate "2023.10.10"]
[SourceVersion "1"]
[SourceVersionDate "2023.10.10"]
[SourceQuality "1"]

1. e4 e6 2. d4 d5 3. Nc3 Nf6 4. e5 Nfd7 5. f4 c5 6. Nf3 Nc6 7. Be3 cxd4 8. Nxd4 Bb4 9. Qh5 g6 10. Qh6 Qa5 11. 0-0-0 Bxc3 12. bxc3 Qxc3 13. Bf2 a6 14. Rd3 Qa1+ 15. Kd2 Nc5 16. Nxc6 Ne4+ 17. Ke2 bxc6 18. Bd4 Qc1 19. Be3 Qxc2+ 20. Kf3 Rb8 21. Qg7 Rf8 22. Rb3 Rxb3 23. axb3 Qxb3 24. Ke2 a5 25. Bd4 Ba6+ 0-1

[Event "Florianopolis op 9th"]
[Site "Florianopolis"]
[Date "2023.01.26"]
[Round "6"]
[White "Martins, Giovanni Custodio"]
[Black "Moritz, Diego Homrich"]
[Result "1-0"]
[WhiteElo "1658"]
[BlackElo "1854"]
[PlyCount "81"]
[EventDate "2023.01.23"]
[EventType "swiss"]
[EventRounds "10"]
[EventCountry "BRA"]
[SourceTitle "CBM 212 Extra"]
[Source "ChessBase"]
[SourceDate "2023.03.31"]
[SourceVersion "1"]
[SourceVersionDate "2023.03.31"]
[SourceQuality "1"]

1. e4 e6 2. d4 d5 3. Nc3 Nf6 4. e5 Nfd7 5. f4 c5 6. Nf3 Nc6 7. Be3 cxd4 8. Bxd4 Nxd4 9. Nxd4 Bb4 10. Qf3 Qa5 11. Nde2 b6 12. a3 Ba6 13. 0-0-0 Be7 14. Nd4 Rc8 15. Nb3 Rxc3 16. Qxc3 Qxc3 17. bxc3 Bxa3+ 18. Kd2 Bxf1 19. Ra1 Bc4 20. Rxa3 a5 21. Rb1 Ke7 22. Nd4 Rc8 23. Nb5 Rc5 24. Nd6 Ba6 25. Ke3 Rc6 26. Kd4 g6 27. g4 Be2 28. g5 Bg4 29. h4 Bf5 30. Rb2 Nc5 31. Rxb6 Rxb6 32. Nc8+ Kd7 33. Nxb6+ Kc6 34. Na4 Ne4 35. Nb2 Kb6 36. c4 dxc4 37. Nxc4+ Kb5 38. Nd6+ Nxd6 39. exd6 a4 40. Ke5 Kb4 41. Ra2 1-0

[Event "Sao Bento do Sul op 4th"]
[Site "Sao Bento do Sul"]
[Date "2020.11.01"]
[Round "5"]
[White "Moritz, Diego Homrich"]
[Black "Silva, Guilherme Henrique"]
[Result "1-0"]
[WhiteElo "1842"]
[BlackElo "1711"]
[PlyCount "99"]
[EventDate "2020.10.31"]
[EventType "swiss"]
[EventRounds "6"]
[EventCountry "BRA"]
[SourceTitle "EXT 2022"]
[Source "ChessBase"]
[SourceDate "2021.10.06"]
[SourceVersion "1"]
[SourceVersionDate "2021.10.06"]
[SourceQuality "1"]

1. c4 e5 2. Nc3 Nf6 3. g3 d5 4. cxd5 Nxd5 5. Bg2 Be6 6. Nf3 Nc6 7. 0-0 Be7 8. d3 0-0 9. a3 h6 10. Qc2 Qd7 11. Rd1 f5 12. b4 Nxc3 13. Qxc3 Bf6 14. Qc2 Rab8 15. Bb2 Nd4 16. Bxd4 exd4 17. Rac1 c6 18. Nd2 Bd5 19. Bxd5+ Qxd5 20. Qc4 Rbd8 21. Nb3 Rf7 22. Qxd5 Rxd5 23. Rc4 Re7 24. Kf1 Kf7 25. Rdc1 h5 26. Rc5 Red7 27. Rxd5 Rxd5 28. Nc5 b6 29. Na6 c5 30. bxc5 bxc5 31. Rxc5 Rxc5 32. Nxc5 Be7 33. Nb3 Bxa3 34. Nxd4 Kf6 35. Nb5 Bc5 36. d4 a6 37. Nc7 Bxd4 38. Nxa6 g5 39. h3 g4 40. h4 f4 41. gxf4 Kf5 42. Kg2 Bf6 43. Kg3 Be7 44. Nc7 Bd6 45. Nd5 Ke4 46. Nf6+ Kf5 47. Nxh5 Bf8 48. f3 gxf3 49. Kxf3 Be7 50. Ng3+ 1-0

[Event "Sao Bento do Sul op 4th"]
[Site "Sao Bento do Sul"]
[Date "2020.10.31"]
[Round "3"]
[White "Moritz, Diego Homrich"]
[Black "Britto, Sara Ohana Felix De"]
[Result "1-0"]
[WhiteElo "1842"]
[BlackElo "1504"]
[PlyCount "37"]
[EventDate "2020.10.31"]
[EventType "swiss"]
[EventRounds "6"]
[EventCountry "BRA"]
[SourceTitle "EXT 2022"]
[Source "ChessBase"]
[SourceDate "2021.10.06"]
[SourceVersion "1"]
[SourceVersionDate "2021.10.06"]
[SourceQuality "1"]

1. c4 Nf6 2. Nc3 e6 3. g3 d5 4. cxd5 exd5 5. d4 c6 6. Bg2 Bd6 7. Nh3 Bf5 8. f3 Nbd7 9. 0-0 0-0 10. e4 dxe4 11. fxe4 Bg4 12. Qb3 Nh5 13. e5 Be7 14. Qxb7 c5 15. Qxa8 Qxa8 16. Bxa8 Bxh3 17. Bg2 Bxg2 18. Kxg2 cxd4 19. Nd5 1-0

[Event "Santa Maria SMXC Cup-B 6th"]
[Site "Santa Maria de Jetiba"]
[Date "2020.04.15"]
[Round "9"]
[White "Moritz, Diego Homrich"]
[Black "Dejeanne, Francisco Horacio"]
[Result "1/2-1/2"]
[WhiteElo "2042"]
[BlackElo "2200"]
[PlyCount "125"]
[EventDate "2019.12.21"]
[EventType "tourn"]
[EventRounds "14"]
[EventCountry "BRA"]
[SourceTitle "EXT 2022"]
[Source "ChessBase"]
[SourceDate "2021.10.06"]
[SourceVersion "1"]
[SourceVersionDate "2021.10.06"]
[SourceQuality "1"]

1. Nf3 d5 2. d4 e6 3. e3 c5 4. b3 Nc6 5. Bd3 Nf6 6. 0-0 Be7 7. Bb2 cxd4 8. exd4 0-0 9. Nbd2 Bd7 10. c4 dxc4 11. bxc4 Qa5 12. Nb3 Qa4 13. a3 Rfd8 14. Rc1 Be8 15. Rc3 Rac8 16. Qe2 b6 17. h3 Bxa3 18. Ra1 Bxb2 19. Rxa4 Bxc3 20. Ra6 Rc7 21. Ra3 Nxd4 22. Nbxd4 Bxd4 23. Nxd4 Rxd4 24. Qe5 Rdd7 25. Be2 h6 26. Rg3 Kf8 27. Qe3 Rc5 28. Qa3 Kg8 29. Qb2 Kf8 30. Kh2 Rd6 31. Qa3 Rd7 32. Qa1 Ra5 33. Qb2 Rc5 34. Ra3 Kg8 35. Qa1 Rcc7 36. Rg3 Kf8 37. Qe5 Rc5 38. Qb8 Rcc7 39. Re3 Rc5 40. Ra3 Rcc7 41. Bf3 Re7 42. Be2 Red7 43. Re3 Ng8 44. Rd3 Rxd3 45. Bxd3 Re7 46. Bc2 f5 47. Bd1 Nf6 48. Bf3 g5 49. Bc6 Kf7 50. Bxe8+ Nxe8 51. Qe5 Nf6 52. Qb8 Ne8 53. Qd8 Rc7 54. f3 Re7 55. Qd4 e5 56. Qd5+ Kg7 57. Qd8 Kf6 58. Kg3 e4 59. Qd4+ Kf7 60. Qd5+ Kf6 61. Qd4+ Kf7 62. Qd5+ Kf6 63. Qd4+ 1/2-1/2

[Event "Santa Maria 1st"]
[Site "Santa Maria de Jetiba"]
[Date "2020.03.18"]
[Round "7"]
[White "Dejeanne, Francisco Horacio"]
[Black "Moritz, Diego Homrich"]
[Result "1-0"]
[WhiteElo "2205"]
[BlackElo "1696"]
[PlyCount "88"]
[EventDate "2020.03.14"]
[EventType "tourn"]
[EventRounds "11"]
[EventCountry "BRA"]
[SourceTitle "CBM 195 Extra"]
[Source "ChessBase"]
[SourceDate "2020.05.31"]
[SourceVersion "1"]
[SourceVersionDate "2020.05.31"]
[SourceQuality "1"]

1. d4 d5 2. c4 e6 3. Nc3 Nf6 4. Nf3 Nbd7 5. cxd5 exd5 6. Qc2 Be7 7. Bf4 c6 8. h3 0-0 9. e3 Re8 10. Bd3 Nf8 11. 0-0 Ng6 12. Bh2 Bd6 13. Bxd6 Qxd6 14. Rab1 Ne4 15. Nxe4 dxe4 16. Bxe4 Be6 17. a3 Bd5 18. Bxd5 Qxd5 19. Rfe1 f5 20. Rbc1 Kh8 21. Qb1 Qd7 22. Rc5 Rf8 23. b4 a6 24. a4 Rae8 25. b5 axb5 26. axb5 f4 27. e4 Rf6 28. bxc6 Rxc6 29. Rb5 Re7 30. e5 Rc3 31. Rb3 Rc8 32. Rb6 Rc3 33. Qe4 Qc7 34. Reb1 Rc1+ 35. Rxc1 Qxc1+ 36. Kh2 Qc7 37. Rb5 Qd7 38. Ra5 Qe8 39. d5 h6 40. e6 Kg8 41. Nd4 Qd8 42. Qxg6 Qxa5 43. d6 Qd8 44. Nf5 Qe8 1-0

[Event "Santa Maria 1st"]
[Site "Santa Maria de Jetiba"]
[Date "2020.03.17"]
[Round "6"]
[White "Moritz, Diego Homrich"]
[Black "Rodrigues, Vinicius Descovi"]
[Result "1/2-1/2"]
[WhiteElo "1696"]
[BlackElo "1800"]
[PlyCount "96"]
[EventDate "2020.03.14"]
[EventType "tourn"]
[EventRounds "11"]
[EventCountry "BRA"]
[SourceTitle "CBM 195 Extra"]
[Source "ChessBase"]
[SourceDate "2020.05.31"]
[SourceVersion "1"]
[SourceVersionDate "2020.05.31"]
[SourceQuality "1"]

1. d4 d5 2. Nf3 Nf6 3. Bf4 Bf5 4. e3 e6 5. Bd3 Bd6 6. Bxd6 Qxd6 7. 0-0 Bxd3 8. Qxd3 0-0 9. Nbd2 Nbd7 10. c4 c5 11. Rac1 Rac8 12. Rc2 Rc7 13. Rfc1 Rfc8 14. dxc5 Nxc5 15. Qa3 Qa6 16. Qxa6 Nxa6 17. Rc3 dxc4 18. Rxc4 Rxc4 19. Rxc4 Rxc4 20. Nxc4 Nd7 21. Nd6 Nb4 22. a3 Nd3 23. b4 b6 24. Kf1 f6 25. Ke2 Nb2 26. Kd2 Na4 27. Kc2 a6 28. Nd4 Kf8 29. Kb3 e5 30. Kxa4 exd4 31. exd4 Ke7 32. Nf5+ Kf7 33. Kb3 g6 34. Ne3 Ke6 35. f4 f5 36. Kc4 b5+ 37. Kd3 Nb6 38. h3 Nd5 39. g3 Nxe3 40. Kxe3 Kd5 41. g4 h5 42. gxh5 gxh5 43. h4 Kc4 44. d5 Kxd5 45. Kd3 Kc6 46. Ke3 Kd5 47. Kd3 Kc6 48. Ke3 Kd5 1/2-1/2

[Event "Santa Maria SMXC Cup-B 6th"]
[Site "Santa Maria de Jetiba"]
[Date "2020.02.29"]
[Round "6"]
[White "Moritz, Diego Homrich"]
[Black "Ethur, Felipe Batista"]
[Result "1/2-1/2"]
[WhiteElo "2042"]
[BlackElo "1796"]
[PlyCount "99"]
[EventDate "2019.12.21"]
[EventType "tourn"]
[EventRounds "14"]
[EventCountry "BRA"]
[SourceTitle "EXT 2022"]
[Source "ChessBase"]
[SourceDate "2021.10.06"]
[SourceVersion "1"]
[SourceVersionDate "2021.10.06"]
[SourceQuality "1"]

1. d4 d5 2. c4 e6 3. Nf3 Nf6 4. Bg5 Nbd7 5. e3 Bb4+ 6. Nbd2 c6 7. a3 Be7 8. Bd3 0-0 9. Qc2 h6 10. Bh4 c5 11. 0-0 b6 12. Rac1 Bb7 13. Qb3 cxd4 14. exd4 Rc8 15. Rfe1 dxc4 16. Nxc4 Bxf3 17. gxf3 Nd5 18. Bg3 N7f6 19. Ne3 Qd7 20. Rcd1 Bd6 21. Be5 Bb8 22. Bb1 Qd8 23. Qd3 Nf4 24. Bxf4 Bxf4 25. Ng4 g6 26. Kh1 Nxg4 27. fxg4 Qh4 28. h3 Qxf2 29. Re2 Qg3 30. Qxg3 Bxg3 31. Kg2 Bf4 32. Kf3 g5 33. Ree1 Rc7 34. h4 Rfc8 35. hxg5 Bxg5 36. Rd3 Rc1 37. Rxc1 Rxc1 38. Ba2 Rc2 39. d5 exd5 40. Bxd5 Rxb2 41. Rc3 Rd2 42. Bb3 Rd7 43. Ke4 Re7+ 44. Kf5 Kg7 45. Rc6 f6 46. Be6 Kf8 47. Rc8+ Re8 48. Rc7 Re7 49. Rc8+ Re8 50. Rc7 1/2-1/2

[Event "Florianopolis op 6th"]
[Site "Florianopolis"]
[Date "2020.01.21"]
[Round "2"]
[White "Goncalves, Ruan Lucas Alves"]
[Black "Moritz, Diego Homrich"]
[Result "1-0"]
[WhiteElo "1966"]
[BlackElo "1700"]
[PlyCount "48"]
[EventDate "2020.01.20"]
[EventType "swiss"]
[EventRounds "10"]
[EventCountry "BRA"]
[SourceTitle "CBM 194 Extra"]
[Source "ChessBase"]
[SourceDate "2020.03.31"]
[SourceVersion "1"]
[SourceVersionDate "2020.03.31"]
[SourceQuality "1"]

1. e4 c5 2. Nf3 d6 3. d4 cxd4 4. Nxd4 Nf6 5. Nc3 e6 6. g4 a6 7. g5 Nfd7 8. Be3 Nc6 9. f4 Nxd4 10. Qxd4 Qc7 11. 0-0-0 b5 12. Be2 Bb7 13. f5 e5 14. Qd2 Rc8 15. a3 Be7 16. h4 Nb6 17. f6 gxf6 18. gxf6 Bf8 19. Rhg1 Nc4 20. Bxc4 Qxc4 21. Bh6 Bxh6 22. Qxh6 a5 23. Qg7 Rf8 24. Rxd6 b4 1-0

[Event "Florianopolis op 6th"]
[Site "Florianopolis"]
[Date "2020.01.21"]
[Round "3"]
[White "Moritz, Diego Homrich"]
[Black "Ribeiro, Gilnei Guedes"]
[Result "1-0"]
[WhiteElo "1700"]
[BlackElo "1422"]
[PlyCount "64"]
[EventDate "2020.01.20"]
[EventType "swiss"]
[EventRounds "10"]
[EventCountry "BRA"]
[SourceTitle "CBM 194 Extra"]
[Source "ChessBase"]
[SourceDate "2020.03.31"]
[SourceVersion "1"]
[SourceVersionDate "2020.03.31"]
[SourceQuality "1"]

1. e4 c5 2. Nf3 e6 3. d3 Nf6 4. Nbd2 Be7 5. g3 0-0 6. Bg2 Nc6 7. 0-0 Qc7 8. Re1 d6 9. Nf1 b5 10. h4 Bb7 11. N1h2 d5 12. e5 Nd7 13. Bf4 b4 14. Ng4 a5 15. h5 Qd8 16. h6 Re8 17. hxg7 Kxg7 18. Bh6+ Kh8 19. Qd2 Rg8 20. Qf4 Qe8 21. Kf1 Ba6 22. Kg1 c4 23. d4 Rg6 24. Bh3 Rb8 25. Bg2 b3 26. c3 Qg8 27. a3 Bf8 28. Nh4 Bxh6 29. Nxg6+ fxg6 30. Nxh6 Rf8 31. Nxg8 Rxf4 32. gxf4 Kxg8 1-0

[Event "Santa Maria op"]
[Site "Santa Maria de Jetiba"]
[Date "2013.07.??"]
[Round "2"]
[White "Moritz, Diego Homrich"]
[Black "Menna Barreto, Felipe Kubiaki"]
[Result "0-1"]
[WhiteElo "1711"]
[BlackElo "2277"]
[PlyCount "34"]
[EventDate "2013.07.??"]
[EventType "swiss"]
[EventRounds "7"]
[EventCountry "BRA"]
[SourceTitle "EXT 2022"]
[Source "ChessBase"]
[SourceDate "2021.10.06"]
[SourceVersion "1"]
[SourceVersionDate "2021.10.06"]
[SourceQuality "1"]

1. d4 Nf6 2. Nf3 e6 3. e3 b6 4. g3 Bb7 5. Bg2 Be7 6. c4 0-0 7. 0-0 c5 8. Nc3 d5 9. cxd5 Nxd5 10. Nxd5 Bxd5 11. Bd2 Nd7 12. Bc3 c4 13. Re1 Nf6 14. Nd2 b5 15. b3 Bxg2 16. Kxg2 b4 17. Nxc4 bxc3 0-1